000 00431nam a2200145Ia 4500
008 231129s1997||||xx |||||||||||||| ||spa||
020 _a84-413-06222
040 _bspa
082 _a658.301 S211d
100 _aSanchez Runde C.J.
245 0 _aDirección estrategica de recursos huamos
260 _c1997
264 _aBarcelona España : Folio : Universidad de Navarra
942 _2ddc
_cBKS
999 _c9620
_d9620